[Event "Michigan Amateur op"]
[Site "Kalamazoo"]
[Date "2004.10.23"]
[Round "3"]
[White "Spitzer, Dwight A"]
[Black "Farmand, Farnood"]
[Result "1-0"]
[WhiteElo "1388"]
[BlackElo "1725"]
[PlyCount "66"]
[EventDate "2004.10.23"]
[EventType "swiss"]
[EventRounds "5"]
[EventCountry "USA"]
[SourceTitle "EXT 2007"]
[Source "ChessBase"]
[SourceDate "2006.11.23"]
[SourceVersion "1"]
[SourceVersionDate "2006.11.23"]
[SourceQuality "1"]

1. c4 c5 2. Nc3 Nf6 3. Nf3 e6 4. e4 d5 5. cxd5 exd5 6. exd5 Be7 7. Bc4 Nbd7 8. 0-0 0-0 9. d4 Nb6 10. b3 Nbxd5 11. Bb2 Nxc3 12. Bxc3 Ne4 13. Qc2 Nxc3 14. Qxc3 Bf6 15. Rad1 Bg4 16. Rd2 Bxf3 17. Qxf3 b6 18. d5 Bd4 19. Re1 Qd6 20. Rde2 a6 21. Re7 b5 22. Bd3 Rad8 23. Ra7 c4 24. Qe4 Bxf2+ 25. Kxf2 Qc5+ 26. Qe3 Qxe3+ 27. Kxe3 cxd3 28. Kd4 Rd6 29. Rae7 h6 30. Kxd3 Rxd5+ 31. Ke3 Rc8 32. Kf3 Rc3+ 33. R1e3 Rd2 1-0

[Event "Kalamazoo op"]
[Site "Kalamazoo"]
[Date "2003.10.25"]
[Round "2.12"]
[White "Farmand, Farnood"]
[Black "Keefe, Matt"]
[Result "1-0"]
[WhiteElo "1725"]
[BlackElo "1039"]
[PlyCount "94"]
[EventDate "2003.10.25"]
[EventType "swiss"]
[EventRounds "5"]
[EventCountry "USA"]
[SourceTitle "EXT 2007"]
[Source "ChessBase"]
[SourceDate "2006.11.23"]
[SourceVersion "1"]
[SourceVersionDate "2006.11.23"]
[SourceQuality "1"]

1. d4 Nf6 2. Nc3 g6 3. e4 Bg7 4. e5 Ng8 5. Bc4 e6 6. Nf3 d6 7. exd6 cxd6 8. 0-0 Nf6 9. Bf4 a6 10. Qd2 0-0 11. Bh6 b5 12. Bxg7 Kxg7 13. Bd3 Bb7 14. Qe2 Re8 15. Ne4 Bxe4 16. Bxe4 d5 17. Bd3 Nc6 18. c3 Qd6 19. Rfe1 Re7 20. a4 b4 21. Bxa6 bxc3 22. bxc3 Rea7 23. Bb5 Ra5 24. c4 Na7 25. c5 Qe7 26. Qb2 Nxb5 27. axb5 Rxa1 28. Rxa1 Rb8 29. b6 Nd7 30. Ra7 Qd8 31. Qe2 Nxb6 32. Qe5+ Kg8 33. cxb6 Qxb6 34. Ra1 Qb2 35. Re1 h6 36. h4 Rf8 37. Qf6 Qc2 38. h5 Qf5 39. Qxf5 gxf5 40. Rc1 f6 41. Rc7 Re8 42. Rd7 Rc8 43. Re7 e5 44. dxe5 Rf8 45. e6 Rd8 46. Nd4 Rc8 47. Nxf5 Kf8 1-0

[Event "Kalamazoo op"]
[Site "Kalamazoo"]
[Date "2003.10.25"]
[Round "3.3"]
[White "Garrison, Ray"]
[Black "Farmand, Farnood"]
[Result "1-0"]
[WhiteElo "1842"]
[BlackElo "1725"]
[PlyCount "51"]
[EventDate "2003.10.25"]
[EventType "swiss"]
[EventRounds "5"]
[EventCountry "USA"]
[SourceTitle "EXT 2007"]
[Source "ChessBase"]
[SourceDate "2006.11.23"]
[SourceVersion "1"]
[SourceVersionDate "2006.11.23"]
[SourceQuality "1"]

1. f4 d5 2. b3 Nf6 3. Bb2 Nc6 4. e3 Bf5 5. Bb5 e6 6. Nf3 Bd6 7. 0-0 a6 8. Bxc6+ bxc6 9. d3 c5 10. Qe2 Bg4 11. Nbd2 0-0 12. Qf2 Rb8 13. Qg3 Bf5 14. Rae1 Bg6 15. Ne5 Qe8 16. e4 Nh5 17. Qf3 f6 18. Nxg6 Qxg6 19. exd5 Nxf4 20. dxe6 Rfe8 21. Ne4 Nxe6 22. Nxd6 cxd6 23. Qd5 Qg5 24. Rf5 Qd2 25. Rxe6 Qxc2 26. Rxe8# 1-0

[Event "Warren Bottom-Half U1900 op"]
[Site "Warren"]
[Date "2003.06.22"]
[Round "5"]
[White "Farmand, Farnood"]
[Black "Dlugas, Dan"]
[Result "1/2-1/2"]
[WhiteElo "1725"]
[BlackElo "1737"]
[PlyCount "28"]
[EventDate "2003.06.21"]
[EventType "swiss"]
[EventRounds "5"]
[EventCountry "USA"]
[SourceTitle "EXT 2008"]
[Source "ChessBase"]
[SourceDate "2007.11.25"]
[SourceVersion "1"]
[SourceVersionDate "2007.11.25"]
[SourceQuality "1"]

1. d4 d5 2. c4 c6 3. Nf3 Nf6 4. Nc3 e6 5. e3 Nbd7 6. Bd3 dxc4 7. Bxc4 b5 8. Bd3 Bb7 9. 0-0 a6 10. e4 c5 11. e5 Nd5 12. Re1 Be7 13. a3 Rc8 14. Ne4 Qb6 1/2-1/2

[Event "Lansing op"]
[Site "Lansing"]
[Date "2002.09.01"]
[Round "5"]
[White "Karakus, Koeksal"]
[Black "Farmand, Farnood"]
[Result "1-0"]
[WhiteElo "1918"]
[BlackElo "1693"]
[PlyCount "125"]
[EventDate "2002.08.30"]
[EventType "swiss"]
[EventRounds "7"]
[EventCountry "USA"]
[SourceTitle "EXT 2007"]
[Source "ChessBase"]
[SourceDate "2006.11.23"]
[SourceVersion "1"]
[SourceVersionDate "2006.11.23"]
[SourceQuality "1"]

1. e4 e5 2. Nf3 Nf6 3. Nc3 Nc6 4. Bc4 Bc5 5. 0-0 0-0 6. d3 h6 7. Ne2 d6 8. c3 Na5 9. Bb5 a6 10. Ba4 Ba7 11. h3 b5 12. Bc2 c5 13. Ng3 Nc6 14. Nh2 d5 15. exd5 Qxd5 16. Ng4 Nxg4 17. hxg4 c4 18. Qe2 cxd3 19. Bxd3 Qd6 20. Nf5 Qf6 21. Qf3 Bxf5 22. gxf5 Rad8 23. Be4 Nb8 24. g3 Nd7 25. b4 Qe7 26. a4 Nf6 27. Bc2 e4 28. Qe2 Rfe8 29. axb5 axb5 30. Be3 Bxe3 31. Qxe3 Nd5 32. Qd4 e3 33. Ra7 Qg5 34. Bb3 exf2+ 35. Qxf2 Re3 36. Kg2 Rde8 37. Bxd5 Re2 38. Bxf7+ Kf8 39. Bxe8 Rxf2+ 40. Rxf2 Kxe8 41. Rc7 Qd8 42. Rc5 h5 43. Re5+ Kf7 44. Rf4 Qd1 45. Rf2 Qg4 46. Rfe2 h4 47. R5e4 Qxg3+ 48. Kh1 Qxc3 49. Rxh4 Qf3+ 50. Rg2 Qxf5 51. Rhg4 g6 52. Kg1 Qb1+ 53. Kf2 Kf6 54. Rxg6+ Ke5 55. R2g4 Kd5 56. R6g5+ Kc6 57. Rc5+ Kb6 58. Rf4 Qb2+ 59. Kf3 Qb3+ 60. Kg4 Qg8+ 61. Rg5 Qc8+ 62. Rgf5 Qd7 63. Re4 1-0

[Event "Kalamazoo op"]
[Site "Kalamazoo"]
[Date "2001.07.28"]
[Round "1"]
[White "Farmand, Farnood"]
[Black "Betke, Brian"]
[Result "1-0"]
[WhiteElo "1658"]
[BlackElo "1145"]
[PlyCount "59"]
[EventDate "2001.07.28"]
[EventType "swiss"]
[EventRounds "5"]
[EventCountry "USA"]
[SourceTitle "EXT 2007"]
[Source "ChessBase"]
[SourceDate "2006.11.23"]
[SourceVersion "1"]
[SourceVersionDate "2006.11.23"]
[SourceQuality "1"]

1. e4 e5 2. Nf3 Nc6 3. Bc4 Bc5 4. c3 Nf6 5. d4 exd4 6. cxd4 Bb4+ 7. Nc3 d6 8. 0-0 Bxc3 9. bxc3 Nxe4 10. d5 Ne5 11. Qe1 Nf6 12. Nxe5 dxe5 13. Qxe5+ Qe7 14. Qxe7+ Kxe7 15. Re1+ Kf8 16. Ba3+ Kg8 17. Re7 c6 18. dxc6 Be6 19. cxb7 Rb8 20. Bxe6 fxe6 21. Bd6 Kf8 22. Rc7+ Ke8 23. Rc8+ Kd7 24. Rxh8 Rxb7 25. Be5 Rb2 26. Bxf6 gxf6 27. Rxh7+ Kd6 28. Rxa7 Rc2 29. Kf1 Rxc3 30. Rd1+ 1-0

[Event "Kalamazoo op"]
[Site "Kalamazoo"]
[Date "2001.07.28"]
[Round "2"]
[White "La Forge, Thomas"]
[Black "Farmand, Farnood"]
[Result "1-0"]
[WhiteElo "1978"]
[BlackElo "1658"]
[PlyCount "91"]
[EventDate "2001.07.28"]
[EventType "swiss"]
[EventRounds "5"]
[EventCountry "USA"]
[SourceTitle "EXT 2007"]
[Source "ChessBase"]
[SourceDate "2006.11.23"]
[SourceVersion "1"]
[SourceVersionDate "2006.11.23"]
[SourceQuality "1"]

1. e4 e5 2. Bc4 Nf6 3. d3 c6 4. Nf3 d5 5. Bb3 Bg4 6. h3 Bxf3 7. Qxf3 dxe4 8. dxe4 Qc7 9. 0-0 Nbd7 10. c3 Bc5 11. Be3 Bxe3 12. Qxe3 0-0 13. Nd2 Rfe8 14. Rfd1 a5 15. a4 Rad8 16. Nc4 Nf8 17. f3 Ng6 18. g3 h6 19. Rxd8 Rxd8 20. Kg2 b5 21. axb5 cxb5 22. Na3 b4 23. cxb4 axb4 24. Nc4 Qd7 25. Rd1 Qc7 26. Rd3 Rxd3 27. Qxd3 Qc5 28. Nd6 Nh8 29. Nf5 Ng6 30. Nd6 Nh8 31. Nf5 Ng6 32. Ne3 Qc1 33. Qe2 Nf8 34. Nf5 Ne6 35. Bxe6 fxe6 36. Ne3 Nd7 37. Nc4 b3 38. Kf2 Nc5 39. Nxe5 Na4 40. Nd3 Qh1 41. Qf1 Qh2+ 42. Qg2 Qxg2+ 43. Kxg2 Kf7 44. Kf2 Kf6 45. Ke3 g6 46. Kd4 1-0

[Event "Kalamazoo op02"]
[Site "Kalamazoo"]
[Date "2000.02.19"]
[Round "3"]
[White "Bryant, Daniel"]
[Black "Farmand, Farnood"]
[Result "0-1"]
[WhiteElo "1535"]
[BlackElo "1598"]
[PlyCount "65"]
[EventDate "2000.02.19"]
[EventType "swiss"]
[EventRounds "3"]
[EventCountry "USA"]
[SourceTitle "EXT 2007"]
[Source "ChessBase"]
[SourceDate "2006.11.23"]
[SourceVersion "1"]
[SourceVersionDate "2006.11.23"]
[SourceQuality "1"]

1. c4 e5 2. Nc3 Nf6 3. d3 Nc6 4. g3 Bc5 5. Bg2 d6 6. Nf3 Be6 7. 0-0 h6 8. a3 Qd7 9. Rb1 Nd4 10. b4 Nxf3+ 11. Bxf3 Bd4 12. Ne4 Bh3 13. Nxf6+ gxf6 14. Bxb7 Rb8 15. Bg2 Bxg2 16. Kxg2 h5 17. e3 Bb6 18. Qf3 Qe6 19. h4 Ke7 20. Bb2 Rbg8 21. a4 a5 22. Bc3 axb4 23. Bxb4 f5 24. a5 e4 25. dxe4 fxe4 26. Qe2 Ba7 27. Kh2 Rg4 28. Qc2 Qf6 29. Bc3 Rxh4+ 30. Kg1 Qf3 31. Bf6+ Kxf6 32. Qc3+ Ke7 33. gxh4 0-1

[Event "Kalamazoo op02"]
[Site "Kalamazoo"]
[Date "2000.02.19"]
[Round "2"]
[White "Farmand, Farnood"]
[Black "Rutgers, Randy"]
[Result "0-1"]
[WhiteElo "1598"]
[BlackElo "1615"]
[PlyCount "115"]
[EventDate "2000.02.19"]
[EventType "swiss"]
[EventRounds "3"]
[EventCountry "USA"]
[SourceTitle "EXT 2007"]
[Source "ChessBase"]
[SourceDate "2006.11.23"]
[SourceVersion "1"]
[SourceVersionDate "2006.11.23"]
[SourceQuality "1"]

1. d4 c5 2. dxc5 e5 3. e4 Bxc5 4. Nf3 Nc6 5. Bc4 Nf6 6. Bg5 Bxf2+ 7. Kf1 Bc5 8. Nc3 h6 9. Bxf7+ Kxf7 10. Bxf6 Qxf6 11. Qd5+ Qe6 12. Qxc5 b6 13. Qd5 Rf8 14. Ke2 Ba6+ 15. Kd2 Ke7 16. Rad1 Rac8 17. Kc1 g5 18. h3 d6 19. Rd2 Rxf3 20. Qxe6+ Kxe6 21. gxf3 Nd4 22. Rf2 Rf8 23. Nd5 Ne2+ 24. Kd2 Ng3 25. Re1 Bc4 26. Nc3 h5 27. b3 Ba6 28. Nd5 Kd7 29. c4 b5 30. Kd3 bxc4+ 31. bxc4 Bb7 32. Rb1 Bc6 33. Ke3 Rc8 34. Rfb2 g4 35. fxg4 hxg4 36. hxg4 Bxd5 37. exd5 Rxc4 38. Rb7+ Kd8 39. Rxa7 Rc3+ 40. Kf2 Ne4+ 41. Ke2 Rc8 42. Rh1 Ng3+ 43. Kf2 Nxh1+ 44. Kg2 Rc1 45. Rh7 Ke8 46. Rxh1 Rc2+ 47. Kf3 Ke7 48. Rh7+ Kf6 49. a4 Rc5 50. Rh6+ Ke7 51. Ke4 Rc4+ 52. Kf5 Rf4+ 53. Kg5 Rxa4 54. Rh7+ Kd8 55. Kf6 Rxg4 56. Kf5 Rg1 57. Rh6 Kc7 58. Ke6 0-1

[Event "Kalamazoo op02"]
[Site "Kalamazoo"]
[Date "2000.02.19"]
[Round "1"]
[White "Franklin, Stanley"]
[Black "Farmand, Farnood"]
[Result "0-1"]
[WhiteElo "1630"]
[BlackElo "1598"]
[PlyCount "64"]
[EventDate "2000.02.19"]
[EventType "swiss"]
[EventRounds "3"]
[EventCountry "USA"]
[SourceTitle "EXT 2007"]
[Source "ChessBase"]
[SourceDate "2006.11.23"]
[SourceVersion "1"]
[SourceVersionDate "2006.11.23"]
[SourceQuality "1"]

1. e4 e5 2. Nf3 Nf6 3. Nc3 Nc6 4. Be2 d5 5. exd5 Nxd5 6. Nxd5 Qxd5 7. d3 Bd6 8. 0-0 Bg4 9. Be3 0-0 10. c4 Qa5 11. a3 Bxf3 12. Bxf3 Nd4 13. b4 Nxf3+ 14. Qxf3 Qa4 15. Qxb7 c6 16. Qd7 Rfd8 17. Qf5 a5 18. c5 Bc7 19. Qe4 h6 20. bxa5 Qxa5 21. Qxc6 Rxd3 22. a4 Rad8 23. Qb5 Qc3 24. Rac1 Qa3 25. Rfe1 f5 26. g3 f4 27. Qc4+ Kh8 28. gxf4 exf4 29. Bxf4 R3d4 30. Bxc7 Rxc4 31. Rxc4 Rd5 32. Bb6 Rg5+ 0-1

[Event "Kalamazoo op10"]
[Site "Kalamazoo"]
[Date "1999.10.16"]
[Round "2"]
[White "Brumley, Ron Jr"]
[Black "Farmand, Farnood"]
[Result "1-0"]
[WhiteElo "2007"]
[BlackElo "1593"]
[PlyCount "63"]
[EventDate "1999.10.16"]
[EventType "swiss"]
[EventRounds "3"]
[EventCountry "USA"]
[SourceTitle "EXT 2007"]
[Source "ChessBase"]
[SourceDate "2006.11.23"]
[SourceVersion "1"]
[SourceVersionDate "2006.11.23"]
[SourceQuality "1"]

1. e4 e5 2. Nf3 Nc6 3. Bc4 Be7 4. Nc3 Nf6 5. d3 d6 6. h3 Be6 7. Be3 Bxc4 8. dxc4 0-0 9. 0-0 Re8 10. Qe2 Qc8 11. Rfd1 h6 12. Rd2 Nd8 13. Rad1 Ne6 14. Ne1 c5 15. Nd5 Nxe4 16. Nxe7+ Rxe7 17. Rd3 Nf6 18. Rxd6 Nd4 19. Bxd4 cxd4 20. R6xd4 exd4 21. Qxe7 Qxc4 22. Qxb7 Re8 23. Qb3 Qc7 24. Qf3 Qc4 25. b3 Qc5 26. Qd3 Nd5 27. Nf3 Nf4 28. Qd2 Ne2+ 29. Kh2 Qb5 30. Qd3 Qxd3 31. Rxd3 Nf4 32. Rxd4 1-0

[Event "Kalamazoo op10"]
[Site "Kalamazoo"]
[Date "1999.10.16"]
[Round "3"]
[White "Farmand, Farnood"]
[Black "Brown, Daniel M"]
[Result "0-1"]
[WhiteElo "1593"]
[BlackElo "1779"]
[PlyCount "76"]
[EventDate "1999.10.16"]
[EventType "swiss"]
[EventRounds "3"]
[EventCountry "USA"]
[SourceTitle "EXT 2007"]
[Source "ChessBase"]
[SourceDate "2006.11.23"]
[SourceVersion "1"]
[SourceVersionDate "2006.11.23"]
[SourceQuality "1"]

1. e4 c5 2. Nf3 Nc6 3. c3 d5 4. exd5 Qxd5 5. Be2 Nf6 6. 0-0 e5 7. d3 Be7 8. Bg5 0-0 9. Nbd2 Bf5 10. Nc4 b5 11. Ne3 Qd7 12. Nxf5 Qxf5 13. Qb3 a6 14. Bxf6 Bxf6 15. Qd5 Ne7 16. Qxc5 Ng6 17. Qe3 Nf4 18. Rfd1 Rad8 19. d4 Qg4 20. g3 Nxe2+ 21. Qxe2 e4 22. h3 Qxf3 23. Qxf3 exf3 24. Re1 Rfe8 25. Re3 Re6 26. Rae1 Rde8 27. b3 Bg5 28. Rxe6 Rxe6 29. Kf1 Bd2 30. Rxe6 fxe6 31. c4 bxc4 32. bxc4 Kf7 33. Kg1 Ke7 34. g4 Kd6 35. Kh2 Bf4+ 36. Kg1 Kc6 37. Kf1 Bd2 38. Kg1 Bc3 0-1